| 000 | 00000nam 2200000zi 4500 |
| 001 | 9.915485 |
| 003 | CaOODSP |
| 005 | 20230214094239 |
| 006 | m o d f |
| 007 | cr mn||||||||| |
| 008 | 220916t20222022quca ob f000 0 eng d |
| 020 | |a9780660455129 |
| 040 | |aCaOODSP|beng|erda|cCaOODSP |
| 043 | |an-cn--- |
| 086 | 1 |aEn84-320/2022E-PDF |
| 245 | 00|aScreening assessment : |b[1,1'-Biphenyl]-2-ol, sodium salt (Sodium ortho-phenylphenate; SOPP) : Chemical Abstracts Service registry number 132-27-4. |
| 246 | 10|a[1,1'-Biphenyl]-2-ol, sodium salt (Sodium ortho-phenylphenate; SOPP) : |bChemical Abstracts Service registry number 132-27-4 |
| 264 | 1|a[Gatineau, Quebec] : |bGovernment of Canada = Gouvernement du Canada, |c2022. |
| 264 | 4|c©2022 |
| 300 | |a1 online resource (iv, 24 pages) : |billustrations |
| 336 | |atext|btxt|2rdacontent |
| 337 | |acomputer|bc|2rdamedia |
| 338 | |aonline resource|bcr|2rdacarrier |
| 500 | |aCover title. |
| 500 | |a"November 2022." |
| 500 | |aIssued by Environment and Climate Change Canada, Health Canada. |
| 500 | |aIssued also in French under title: Évaluation préalable : 2-Biphénylate de sodium (ortho-phénylphénolate de sodium; OPPS) : numéro de registre du Chemical Abstracts Service 132-27-4. |
| 504 | |aIncludes bibliographical references (pages 17-19). |
| 520 | |a"Pursuant to section 68 of the Canadian Environmental Protection Act, 1999 (CEPA), the Minister of the Environment and the Minister of Health have conducted a screening assessment of [1,1'-biphenyl]-2-ol, sodium salt, hereinafter referred to as sodium ortho-phenylphenate (SOPP)"--Synopsis, page ii. |
| 650 | 0|aSodium salts|xEnvironmental aspects|zCanada. |
| 650 | 0|aSodium salts|xHealth aspects|zCanada. |
| 650 | 0|aSodium salts|xToxicology|zCanada. |
| 710 | 1 |aCanada. |bEnvironment and Climate Change Canada, |eissuing body. |
| 710 | 1 |aCanada. |bHealth Canada, |eissuing body. |
| 775 | 08|tÉvaluation préalable : |w(CaOODSP)9.915487 |
| 856 | 40|qPDF|s653 KB|uhttps://publications.gc.ca/collections/collection_2023/eccc/En84-320-2022-eng.pdf |
| 856 | 4 |qHTML|sN/A|uhttps://www.canada.ca/en/environment-climate-change/services/evaluating-existing-substances/screening-assessment-sodium-ortho-phenylphenate-sopp.html |